| 000 | 00445 a2200169 4500 | ||
|---|---|---|---|
| 003 | Nust | ||
| 005 | 20170207165240.0 | ||
| 040 | _cNust | ||
| 082 | _a005.133 | ||
| 100 | _aNaveed, Sidra (MSCS-18) | ||
| 245 |
_aMulti robot user interface design based on hci principles _cSidra Naveed |
||
| 260 |
_aRawalpindi _bMCS,NUST _cApril-2014 |
||
| 300 | _aviii,77p | ||
| 538 | _aAlmirah No,71 Shelf No,5 | ||
| 650 | _abased on hci principles | ||
| 651 | _aMSCS-18 | ||
| 942 | _cTHS | ||
| 999 |
_c211166 _d211166 |
||